Гражданско-правовые средства цифровой трансформации: современное состояние и тенденции развития (Запись № 13703513)

Подробности
000 -МАРКЕР
контрольное поле 03148nam0a2200397 4500
001 - ИДЕНТИФИКАТОР ЗАПИСИ
контрольное поле RU\NLR\BIBL_A\022753789
005 - ИДЕНТИФИКАТОР ВЕРСИИ
контрольное поле 20260510043524.0
010 ## - МЕЖДУНАРОДНЫЙ СТАНДАРТНЫЙ НОМЕР КНИГИ (ISBN)
Номер (ISBN) 978-5-9275-5022-7
Тираж 50
021 ## - НОМЕР ГОСУДАРСТВЕННОЙ РЕГИСТРАЦИИ
Код страны Российская Федерация
Номер КН-П-26-003779
Номер Листа государственной регистраци КН-П-26-0348
035 ## - ДРУГИЕ СИСТЕМНЫЕ НОМЕРА
Идентификатор записи (NLR Aleph) 022753789
100 ## - ДАННЫЕ ОБЩЕЙ ОБРАБОТКИ
Данные общей обработки 20260316d2025 k y0rusy50 ca
101 0# - ЯЗЫК РЕСУРСА
Язык текста, звукозаписи и т.д. русский
Язык резюме английский
102 ## - СТРАНА ПУБЛИКАЦИИ ИЛИ ПРОИЗВОДСТВА
Страна публикации Российская Федерация
105 ## - ПОЛЕ КОДИРОВАННЫХ ДАННЫХ: ТЕКСТОВЫЕ МАТЕРИАЛЫ, МОНОГРАФИЧЕСКИЕ
Кодированные данные о монографическом текстовом документе y|||z|||100yy
181 #0 - ПОЛЕ КОДИРОВАННЫХ ДАННЫХ: ВИД СОДЕРЖАНИЯ
Код вида содержания (ISBD) i4
Код характеристики содержания (ISBD) axxe
182 #0 - ПОЛЕ КОДИРОВАННЫХ ДАННЫХ: ТИП СРЕДСТВА
Код типа средства (ISBD) n - непосредственное
200 1# - ЗАГЛАВИЕ И СВЕДЕНИЯ ОБ ОТВЕТСТВЕННОСТИ
Основное заглавие Гражданско-правовые средства цифровой трансформации: современное состояние и тенденции развития
Сведения, относящиеся к заглавию сборник докладов по материалам Всероссийской научно-практической конференции, 22 марта 2025 года
Первые сведения об ответственности Министерство науки и высшего образования Российской Федерации, Федеральное государственное автономное образовательное учреждение высшего образования "Южный федеральный университет", [Юридический факультет]
Последующие сведения об ответственности составитель: Саркисян Вероника Вартановна, кандидат юридических наук, преподаватель
-- ответственный редактор: Селиванова Евгения Сергеевна, кандидат юридических наук, доц.
203 ## - ВИД СОДЕРЖАНИЯ И ТИП СРЕДСТВА
Вид содержания Текст
Дополнительные сведения об издании визуальный
Тип средства непосредственный
210 ## - ПУБЛИКАЦИЯ, РАСПРОСТРАНЕНИЕ И ДР.
Место издания, распространения и т.д. Ростов-на-Дону
-- Таганрог
Имя издателя, распространителя и т. д. Изд-во Южного федеральнго университета
Дата издания, распространения и т.д. 2025
215 ## - ФИЗИЧЕСКАЯ ХАРАКТЕРИСТИКА
Специфическое обозначение материала и объем 155 с.
Размеры 20
300 ## - ОБЩИЕ ПРИМЕЧАНИЯ
Текст примечания Рез. англ.
320 ## - ПРИМЕЧАНИЯ О НАЛИЧИИ В ДОКУМЕНТЕ БИБЛИОГРАФИИ / УКАЗАТЕЛЯ
Текст примечания Библиогр. в конце ст.
606 1# - НАИМЕНОВАНИЕ ТЕМЫ КАК ПРЕДМЕТ
Наименование темы Цифровые права
Формальный подзаголовок Съезды, совещания и т.п
Географический подзаголовок Российская Федерация
Системный номер авторитетной/нормативной записи 2477468
Идентификатор авторитетной/нормативной записи RU\NLR\AUTH\6601687683
606 1# - НАИМЕНОВАНИЕ ТЕМЫ КАК ПРЕДМЕТ
Наименование темы Искусственный интеллект
Формальный подзаголовок Съезды, совещания и т.п
Тематический подзаголовок Правовые вопросы
Системный номер авторитетной/нормативной записи 2365885
Идентификатор авторитетной/нормативной записи RU\NLR\AUTH\6601634544
686 1# - ИНДЕКСЫ ДРУГИХ КЛАССИФИКАЦИЙ
Индекс Х623.02я431
686 1# - ИНДЕКСЫ ДРУГИХ КЛАССИФИКАЦИЙ
Индекс Х62ф.я431
702 #1 - ИМЯ ЛИЦА - ВТОРИЧНАЯ ОТВЕТСТВЕННОСТЬ
Начальный элемент ввода Саркисян
Часть имени, кроме начального элемента ввода В. В.
Расширение инициалов личного имени Вероника Вартановна
Код отношения Составитель
702 #1 - ИМЯ ЛИЦА - ВТОРИЧНАЯ ОТВЕТСТВЕННОСТЬ
Начальный элемент ввода Селиванова
Часть имени, кроме начального элемента ввода Е. С.
Расширение инициалов личного имени Евгения Сергеевна
711 12 - НАИМЕНОВАНИЕ ОРГАНИЗАЦИИ - АЛЬТЕРНАТИВНАЯ ОТВЕТСТВЕННОСТЬ
Начальный элемент ввода "Гражданско-правовые средства цифровой трансформации: современное состояние и тенденции развития", всероссийская научно-практическая конференция
Место проведения временной организации Ростов-на-Дону
Дата проведения временной организации 2025
Системный номер авторитетной/нормативной записи 2702095
Идентификатор авторитетной/нормативной записи RU\NLR\AUTH\880640456
712 02 - НАИМЕНОВАНИЕ ОРГАНИЗАЦИИ - ВТОРИЧНАЯ ОТВЕТСТВЕННОСТЬ
Код отношения Организатор конференции
Начальный элемент ввода Южный федеральный университет
Структурное подразделение Юридический факультет
Идентифицирующий признак Ростов-на-Дону
Системный номер авторитетной/нормативной записи 805805
Идентификатор авторитетной/нормативной записи RU\NLR\AUTH\8810155243
942 ## - ДОПОЛНИТЕЛЬНЫЕ ЭЛЕМЕНТЫ ЗАПИСИ (АБИС)
Тип экземпляра АБИС Книга
980 ## - КОЛЛЕКЦИЯ
Название коллекции Национальная библиография

Нет доступных экземпляров.